London office market analysis (Record no. 79740)
[ view plain ]
| 000 -LEADER | |
|---|---|
| fixed length control field | 01302cam a22002175a 4500 |
| 001 - CONTROL NUMBER | |
| control field | L142210 |
| 008 - FIXED-LENGTH DATA ELEMENTS--GENERAL INFORMATION | |
| fixed length control field | 070425e20080728xxkd f s 000 0 eng d |
| 035 ## - SYSTEM CONTROL NUMBER | |
| System control number | (Sirsi) u142210 |
| 041 0# - LANGUAGE CODE | |
| Language code of text/sound track or separate title | eng |
| 110 2# - MAIN ENTRY--CORPORATE NAME | |
| Corporate name or jurisdiction name as entry element | Estates Gazette |
| 9 (RLIN) | 298 |
| 245 00 - TITLE STATEMENT | |
| Title | London office market analysis |
| Remainder of title | issue 4 Oct-Dec 2007 |
| 260 ## - PUBLICATION, DISTRIBUTION, ETC. | |
| Date of publication, distribution, etc. | 2008 |
| 490 #0 - SERIES STATEMENT | |
| Series statement | Estates Gazette |
| Volume/sequential designation | (0803) 26 January 2008, 83-100(18) |
| 490 #0 - SERIES STATEMENT | |
| Series statement | Estates Gazette London Office Market Analysis |
| Volume/sequential designation | issue 4 Oct-Dec 2008, 1-17(18) |
| 520 ## - SUMMARY, ETC. | |
| Summary, etc. | Discusses take up, supply, availability rates, asking rents and construction trends for various locations within London. Reports that the fallout from the US sub-prime financial markets which took effect in the UK in Q3 continued during Q4. Takeup levels dropped dramatically and investment activity has been affected. Confidence has been hit among property developers. Lenders are now more risk conscious and an effect upon real estate pricing is expected. Tables show top London occupiers, the central London agents market share league, agents market share by market, key transactions and summary statistics. |
| 590 ## - LOCAL NOTE (RLIN) | |
| Local note | KA |
| 650 24 - SUBJECT ADDED ENTRY--TOPICAL TERM | |
| Topical term or geographic name entry element | ESTATES GAZETTE LONDON OFFICES MARKET ANALYSIS |
| 651 #4 - SUBJECT ADDED ENTRY--GEOGRAPHIC NAME | |
| Geographic name | London |
| 690 ## - LOCAL SUBJECT ADDED ENTRY--TOPICAL TERM (OCLC, RLIN) | |
| Topical term or geographic name as entry element | PROPERTY-COMMERCIAL PROPERTY-OFFICE PROPERTY-OFFICE PROPERTY MARKET |
| 942 ## - ADDED ENTRY ELEMENTS (KOHA) | |
| Suppress in OPAC | 0 |
| Withdrawn status | Lost status | Source of classification or shelving scheme | Damaged status | Not for loan | Home library | Current library | Shelving location | Date acquired | Total Checkouts | Full call number | Barcode | Date last seen | Copy number | Price effective from | Koha item type |
|---|---|---|---|---|---|---|---|---|---|---|---|---|---|---|---|
| Dewey Decimal Classification | London | London | Journal article | 29/01/2008 | L142210 | 142210-1001 | 06/08/2019 | 1 | 06/08/2019 | Journal article |